| 000 | 00659nam a22002177a 4500 | ||
|---|---|---|---|
| 003 | BD-DhJNU | ||
| 005 | 20250204062147.0 | ||
| 008 | 250204b |||||||| |||| 00| 0 eng d | ||
| 020 | _a9780123838728 | ||
| 040 |
_aBD-DhJNU _bENG _cBD-DhJNU _dBD-DhJNU |
||
| 082 |
_223 _a004.22 |
||
| 100 | _aHennessy, John L. | ||
| 245 |
_aComputer architecture : _ba quantitative approach / _cJohn L. Hennessy and David A. Patterson |
||
| 250 | _a5th ed. | ||
| 260 |
_aLondon : _bElsevier, _c2012. |
||
| 300 |
_axxvii, various pages : _bill. ; _c24 cm. |
||
| 504 | _aincludes index | ||
| 650 | _aComputer Architecture | ||
| 700 | _aPatterson, David A. | ||
| 942 |
_2ddc _cBK _n0 |
||
| 999 |
_c1235 _d1235 |
||